[Event "FRA-ch Blitz Online Qual"]
[White "Fischler, Ines"]
[Black "Tempier, Martin"]
[Site "Europe Echecs INT"]
[Round "7"]
[Result "0-1"]
[Date "2020.05.16"]
[WhiteElo "1129"]
[BlackElo "1357"]
[PlyCount "60"]
[EventDate "2020.05.16"]
[EventType "swiss (blitz)"]
[EventRounds "15"]
[EventCountry "FRA"]
[SourceTitle "CBM 196 Extra"]
[Source "ChessBase"]
[SourceDate "2020.07.31"]
[SourceVersion "1"]
[SourceVersionDate "2020.07.31"]
[SourceQuality "1"]

1. e4 d5 2. exd5 Qxd5 3. Nc3 Qa5 4. Nf3 Nf6 5. d3 Bg4 6. h3 Bh5 7. Bg5 Bxf3 8. Qxf3 Qxg5 9. Qxb7 c6 10. Qxa8 Qe5+ 11. Be2 Qc7 12. 0-0 Nfd7 13. Na4 e6 14. Bf3 Bd6 15. Rfe1 0-0 16. Re3 Bf4 17. Re2 Ne5 18. Rxe5 Bxe5 19. Re1 Bf6 20. Re4 Nd7 21. Rc4 Rxa8 22. Rxc6 Qa5 23. Rc5 Qxa4 24. Bxa8 Nxc5 25. Bc6 Qxc6 26. a4 Be5 27. c3 Nxd3 28. b4 Qb6 29. a5 Qxf2+ 30. Kh1 Qf1# 0-1